000
00283nam a2200133Ia 4500
100
_a
Rao/P.N
942
_c
BK
366
_f
15
654
_a
CAD
245
_a
CAD/CAM;Principles & Applications
260
_b
Tata Mc Graw hill
_a
New Delhi
_c
2002
300
_a
735
546
_a
ENGLISH
999
_c
20167
_d
20167